• 首页
  • 本馆介绍
  • 公告通知
  • 最新文献
  • 馆藏检索
  • 电子资源
  • 读者导购
  • 参考咨询
  • 我的图书馆
  • 登录
  • 详细信息显示
  • 放入我的书架
  • 预约/预借图书
  • 作者相关作品
  • 分类相关作品
  • 丛书相关作品
  • 出版社相关作品

书目信息

  • 表格格式
  • 工作单格式
  • 卡片格式
题名:
生命安全与防止污染
    
 
作者: 朱守一
分册:  
出版信息: 北京   化学工业出版社  1999
页数: 264
开本: 26cm
丛书名:
单 册:
中图分类: Q788
科图分类:
主题词: 遗传工程
电子资源:
ISBN: 7-5025-2577-7
000 00510nam0 2200181 450
001 0741144344
005 20070817112544.34
010    @a7-5025-2577-7@d¥35.00
100    @a20070817d km y0chiy0120 ea
101 0  @achi
200 1  @a生命安全与防止污染@Asheng ming an quan yu fang zhi wu ran@f朱守一@Fzhu shou yi
210    @a北京@c化学工业出版社@d1999
215    @a264@d26cm
606 0  @a遗传工程
690    @aQ788@v3
701  0 @a朱守一@Azhu shou yi
801  0 @aCN@bPFT@c20070817
905    @a213230@dQ788@en2@f1
    
    生命安全与防止污染/朱守一.-北京:化学工业出版社,1999
    264;26cm
    
    
    ISBN 7-5025-2577-7:¥35.00
    
●
相关链接 在E读中查询图书 在五车中查询图书 在当当中查询图书 在豆瓣中查询图书


正题名:生命安全与防止污染     索取号:Q788/n2         预约/预借

序号 登录号 条形码 馆藏地/架位号 状态 备注
1 6600262   266002620   密集书库-生命科学系/ [索取号:Q788/n2] 在馆    
2 6600263   266002639   密集书库-生命科学系/ [索取号:Q788/n2] 在馆    
3 6601145   266011451   密集书库-生命科学系/ [索取号:Q788/n2] 在馆    
唐山师范学院图书馆 欢迎您!
大连网信软件有限公司© 版权所有